[Event "Wch U12"]
[Site "Batumi"]
[Date "2022.09.17"]
[Round "2"]
[White "Zhu, Charis"]
[Black "Vaz, Ethan"]
[Result "0-1"]
[WhiteElo "1350"]
[BlackElo "1885"]
[PlyCount "107"]
[EventDate "2022.09.16"]
[EventType "swiss"]
[EventRounds "11"]
[EventCountry "GEO"]
[SourceTitle "EXT 2023"]
[Source "ChessBase"]
[SourceDate "2022.10.05"]
[SourceVersion "1"]
[SourceVersionDate "2022.10.05"]
[SourceQuality "1"]

1. d4 d5 2. Nf3 Nf6 3. Bf4 c5 4. e3 e6 5. Nbd2 Bd6 6. Bg3 0-0 7. c3 Qc7 8. Bd3 Nbd7 9. 0-0 Bxg3 10. hxg3 e5 11. Nxe5 Nxe5 12. dxe5 Qxe5 13. Nf3 Qd6 14. c4 Bg4 15. Be2 Rfd8 16. Qc2 d4 17. exd4 cxd4 18. Rad1 Qc5 19. Rd2 Rd6 20. Rfd1 Rad8 21. Ne1 Bxe2 22. Rxe2 Qh5 23. f3 Qg5 24. g4 h5 25. Qf5 Qh4 26. g5 g6 27. Qb5 a6 28. Qa5 Nh7 29. Re5 d3 30. Qc5 b6 31. Qe3 d2 32. Nc2 Qxc4 33. Qb3 Qxb3 34. axb3 Nf8 35. Ne3 b5 36. Nf1 Rd3 37. Re3 Ne6 38. Kf2 Nxg5 39. Ke2 Rxe3+ 40. Nxe3 Ne6 41. Rxd2 Nf4+ 42. Kd1 Rxd2+ 43. Kxd2 h4 44. b4 Nxg2 45. Nf1 g5 46. Kc3 f5 47. Nh2 Kf7 48. Kd4 Ke6 49. Kc5 Ke5 50. Kb6 Ne3 51. Kxa6 g4 52. fxg4 fxg4 53. Kxb5 Kf4 54. Kc5 0-1